000
00287nam a22001337a 4500
008
180223b xxu||||| |||| 00| 0 eng d
020
_a
9780194341561
041
_a
eng
080
_a
371
100
_a
25
101
_a
EDU
245
_a
Big Birds Yellow Book
_c
Oxford
942
_2
udc
_c
BK
999
_c
43318
_d
43318